| 000 | 01265pam a2200349 i 4500 | ||
|---|---|---|---|
| 999 |
_c1721 _d1721 |
||
| 001 | 018494700 | ||
| 003 | Uk | ||
| 005 | 20230120144731.0 | ||
| 008 | 170704s2017 enka j 000|0|eng|d | ||
| 015 |
_aGBB7F8359 _2bnb |
||
| 016 | 7 |
_a018494700 _2Uk |
|
| 020 |
_a9781406371567 _qpaperback |
||
| 040 |
_aStDuBDS _beng _cStDuBDS _dUk _dKH8 _erda |
||
| 042 | _aukblcatcopy | ||
| 082 | 0 | 4 |
_a398.2093802 WIL _223 |
| 100 | 1 |
_aWilliams, Marcia, _d1945- _eauthor, _eillustrator. |
|
| 240 | 1 | 0 |
_aWorks. _kSelections |
| 245 | 1 | 0 |
_aDaedalus and Icarus & Orpheus and Eurydice / _cMarcia Williams. |
| 264 | 1 |
_aLondon : _bWalker Books and Subsidiaries, _c2017. |
|
| 300 |
_a62 pages : _billustrations ; _c20 cm |
||
| 336 |
_atext _2rdacontent |
||
| 336 |
_astill image _2rdacontent |
||
| 337 |
_aunmediated _2rdamedia |
||
| 338 |
_avolume _2rdacarrier |
||
| 500 |
_aFormerly CIP. _5Uk |
||
| 600 | 0 | 0 |
_aDaedalus _c(Greek mythological character) _vJuvenile literature. |
| 600 | 0 | 0 |
_aIcarus _c(Greek mythological character) _vJuvenile literature. |
| 600 | 0 | 0 |
_aOrpheus _c(Greek mythological character) _vJuvenile literature. |
| 600 | 0 | 0 |
_aEurydice _c(Greek mythological character) _vJuvenile literature. |
| 700 | 1 | 2 |
_aWilliams, Marcia, _d1945- _tOrpheus and Eurydice. |
| 942 |
_2ddc _cNFIC |
||